[Event "SLO-chT"]
[Site "Ljubljana"]
[Date "1997.??.??"]
[Round "?"]
[White "Sermek, Drazen"]
[Black "Cebalo, Miso"]
[Result "0-1"]
[WhiteElo "2565"]
[BlackElo "2485"]

1.e4 c5 2.c3 Nf6 3.e5 Nd5 4.Nf3 Nc6 5.Bc4 e6 6.d4 cxd4 7.cxd4 d6 8.O-O Be7
9.Bd2 O-O 10.Nc3 dxe5 11.dxe5 Nxc3 12.Bxc3 b6 13.Qe2 Bb7 14.Bd3 Qc7 15.Rac1 Rac8
16.Rc2 Rfd8 17.Rfc1 g6 18.a3 Qb8 19.h4 Na5 20.Bxa5 Rxc2 21.Rxc2 Bxf3 22.Qxf3 bxa5
23.Qe4 Rd5 24.g3 Rxe5 25.Rc8+ Qxc8 26.Qxe5 Qd8 27.Bc4 Bf6 28.Qe2 a4 29.b3 Qa5
30.Qc2 axb3 31.Qxb3 Bd4 32.Bf1 Qd2 33.Qf3 Qc2 34.Kg2 Qa4 35.h5 Bc5 36.hxg6 hxg6
37.Qd3 a5 38.Qd8+ Bf8  0-1

[Event "SLO-chT"]
[Site "Ljubljana"]
[Date "1997.??.??"]
[Round "?"]
[White "Sermek, Drazen"]
[Black "Sveshnikov, Evgeny"]
[Result "1/2-1/2"]
[WhiteElo "2565"]
[BlackElo "2570"]

1.e4 c5 2.c3 Nf6 3.e5 Nd5 4.Nf3 Nc6 5.d4 cxd4 6.Bc4 Nb6 7.Bb3 d5 8.exd6 Qxd6
9.O-O Be6 10.Na3 dxc3 11.Qe2 Bxb3 12.Nb5 Qb8 13.axb3 e5 14.bxc3 Be7 15.Bg5 Bxg5
16.Nxg5 h6 17.Ne4 O-O 18.Rfd1 Rd8 19.Nbd6 Qc7 20.Qg4 Ne7 21.Nb5 Rxd1+ 22.Rxd1 Qc6
23.Nbd6 Rd8 24.Nf6+ Kf8 25.Nh7+ Kg8 26.Nf6+  1/2-1/2

[Event "SLO-chT"]
[Site "Ljubljana"]
[Date "1997.??.??"]
[Round "?"]
[White "Sveshnikov, Evgeny"]
[Black "Dizdarevic, Emir"]
[Result "1/2-1/2"]
[WhiteElo "2570"]
[BlackElo "2555"]

1.e4 c5 2.c3 Nf6 3.e5 Nd5 4.Nf3 d6 5.d4 cxd4 6.Qxd4 e6 7.Nbd2 a6 8.Qg4 Nd7
9.exd6 N7f6 10.Qa4+ Bd7 11.Qd4 Bxd6 12.Nc4 Be7 13.Nce5 O-O 14.Be2 Qc7 15.Nxd7 Nxd7
16.O-O b5 17.Re1  1/2-1/2

[Event "SLO-chT"]
[Site "Ljubljana"]
[Date "1997.??.??"]
[Round "?"]
[White "Sveshnikov, Evgeny"]
[Black "Kozul, Zdenko"]
[Result "1-0"]
[WhiteElo "2570"]
[BlackElo "2605"]

1.e4 c5 2.c3 Nf6 3.e5 Nd5 4.Nf3 Nc6 5.Bc4 e6 6.O-O d6 7.d4 cxd4 8.cxd4 Be7
9.Qe2 O-O 10.Re1 Bd7 11.Nc3 Nxc3 12.bxc3 dxe5 13.dxe5 Na5 14.Bd3 Bc6 15.Nd4 Qd5
16.Qg4 g6 17.Bh6 Rfc8 18.h4 Be8 19.Be4 Qc4 20.h5 Nc6 21.hxg6 hxg6 22.Bxc6 bxc6
23.Bg5 Bxg5 24.Qxg5 c5 25.Nf3 Bc6 26.Nh2 Rd8 27.Ng4 Rd3 28.Rad1 Kf8 29.Qh6+ Ke8
30.Qh8+ Kd7 31.Qg7 Rxd1 32.Rxd1+ Kc7 33.Qxf7+ Kb6 34.Ne3 Qxa2 35.c4 Re8 36.Qxg6 Kb7
37.Qh7+ Ka8 38.Qc7 Qa4 39.Qd6 Rg8 40.Rc1 Re8 41.Qxc5  1-0

[Event "Ljubljana"]
[Site "Ljubljana"]
[Date "1997.??.??"]
[Round "1"]
[White "Pavasovic, Dusko"]
[Black "Atalik, Suat"]
[Result "1/2-1/2"]
[WhiteElo "2460"]
[BlackElo "2555"]

1.e4 c5 2.c3 Nf6 3.e5 Nd5 4.d4 cxd4 5.Nf3 d6 6.cxd4 Nc6 7.Bc4 e6 8.O-O Be7
9.Qe2 O-O 10.Qe4 Qc7 11.Bd3 g6 12.Bh6 Rd8 13.Nbd2 dxe5 14.dxe5 Nb6 15.Rac1 Nd7
16.Bb5 Ndxe5 17.Nxe5 Qxe5 18.Bxc6 Qh5 19.Bxb7 Bxb7 20.Qxb7 Qxh6 21.Ne4 Qf8
22.Rc7 Rdb8 23.Qc6 Rc8 24.Rd1 Rxc7 25.Qxc7 Rd8 26.Rxd8 Qxd8 27.Qxd8+ Bxd8
28.Kf1 f5 29.Nc5 Kf7 30.Ke2 Bf6 31.b4 Bd4 32.Nb3 Bb6 33.a4 Ke7 34.a5 Bc7
35.Nd4 Kd7 36.h3 e5 37.Nb5 a6 38.Nc3 e4 39.b5 axb5 40.a6 Bb6 41.Nxb5 Kc6
42.a7 Kb7 43.f3 Bc5  1/2-1/2

[Event "Ljubljana"]
[Site "Ljubljana"]
[Date "1997.??.??"]
[Round "3"]
[White "Pavasovic, Dusko"]
[Black "Peptan, Corina"]
[Result "1-0"]
[WhiteElo "2460"]
[BlackElo "2425"]

1.e4 c5 2.c3 Nf6 3.e5 Nd5 4.d4 cxd4 5.Nf3 e6 6.cxd4 b6 7.Nc3 Nxc3 8.bxc3 Qc7
9.Bd2 Bb7 10.Bd3 d6 11.O-O Nd7 12.Ng5 dxe5 13.Qh5 g6 14.Qh3 Be7 15.Rae1 Rf8
16.Qxh7 e4 17.Nxe4 O-O-O 18.Qh3 Bxe4 19.Bxe4 Rh8 20.Qg3 Bd6 21.f4 g5 22.Qf3 Rh4
23.g3 Rh3 24.Re2 Rdh8 25.Rg2 g4 26.Qe2 Nf6 27.Bd3 Kb8 28.c4 Qc6 29.Rb1 Bc7
30.Be3 R3h5 31.Qc2 Qf3 32.Qe2 Qc6 33.Rb2 Ra5 34.Rb3 Qf3 35.Rf2 Qc6 36.Qc2 Rah5
37.Bf1 Qd7 38.a4 Ra5 39.Rb5 Rh5 40.Bg2 a6 41.Rxh5 Rxh5 42.Qb3 Kc8 43.d5 Qd6
44.a5 Nd7 45.Qa4 exd5 46.cxd5 b5 47.Qd1 f5 48.Rc2 Kd8 49.Qc1 Bxa5 50.Rc8+ Ke7
51.Qa1 Bd8 52.Rc6 Qb4 53.Qg7+ Ke8 54.Re6+ Be7 55.d6  1-0

[Event "Ljubljana"]
[Site "Ljubljana"]
[Date "1997.??.??"]
[Round "4"]
[White "Pavasovic, Dusko"]
[Black "Mencinger, Vojko"]
[Result "1-0"]
[WhiteElo "2460"]
[BlackElo "2395"]

1.e4 c5 2.c3 Nf6 3.e5 Nd5 4.d4 cxd4 5.Nf3 Nc6 6.cxd4 d6 7.Bc4 Nb6 8.Bb3 g6
9.Ng5 d5 10.Nc3 Bg7 11.O-O O-O 12.h3 Na5 13.Bc2 h6 14.Nf3 Bf5 15.Bxf5 gxf5
16.Nh4 e6 17.Qh5 Kh7 18.g4 fxg4 19.hxg4 Nc6 20.Ne2 Qe8 21.g5 Rg8 22.Kh1 Nc8
23.Rg1 N8e7 24.gxh6 Bf8 25.Rg7+  1-0

[Event "Ljubljana op"]
[Site "Ljubljana"]
[Date "1997.??.??"]
[Round "9"]
[White "Skok, Joze"]
[Black "Kavcic, Uros"]
[Result "0-1"]
[WhiteElo "2125"]
[BlackElo "2100"]

1.e4 c5 2.c3 Nf6 3.e5 Nd5 4.Nf3 Nc6 5.d4 cxd4 6.cxd4 d6 7.Bc4 Nb6 8.Bb3 dxe5
9.Nxe5 e6 10.Qf3 Nxe5 11.dxe5 Qd4 12.O-O Qxe5 13.Nc3 Bd6 14.g3 O-O 15.a4 Qf5
16.Qxf5 exf5 17.a5 Nd7 18.Rd1 Be5 19.Nd5 Nf6 20.f4 Nxd5 21.Bxd5 Bf6 22.Be3 Re8
23.Kf2 a6 24.Rab1 g6 25.b4 Re7 26.Bc5 Rc7 27.Rbc1 Be6 28.Bf3 Rac8 29.Rd2 Be7
30.Rdc2 Bb3 31.Rc3 Ba4 32.Bd5 Bf6 33.Rd3 Bb5 34.Rd2 Rd7 35.Rcd1 Ba4 36.Rb1 Rcd8
37.Ra2 Bb5 38.Bf3 Bc4 39.Ra3 Rd2+ 40.Ke3 Rxh2 41.Bxb7 Re8+  0-1

[Event "Ljubljana"]
[Site "Ljubljana"]
[Date "1997.??.??"]
[Round "10"]
[White "Pavasovic, Dusko"]
[Black "Jelen, Igor"]
[Result "1/2-1/2"]
[WhiteElo "2460"]
[BlackElo "2405"]

1.e4 c5 2.c3 Nf6 3.e5 Nd5 4.d4 cxd4 5.Nf3 Nc6 6.cxd4 d6 7.Bc4 Nb6 8.Bb3 dxe5
9.d5 Na5 10.Nc3 Nxb3 11.Qxb3 e6 12.Nxe5 exd5 13.Be3 Bd6 14.Qb5+ Kf8 15.O-O-O Be6
16.Nf3 Rc8 17.Kb1 Nc4 18.Nxd5 a6 19.Qb3 Qa5 20.Bb6 Nxb6 21.Qxb6 Qxb6 22.Nxb6 Rc6
23.Nd5  1/2-1/2

[Event "Varsity Oxbridge Match"]
[Site "London"]
[Date "1997.??.??"]
[Round "1"]
[White "Cohen, Aron"]
[Black "Lewis, Alex"]
[Result "1-0"]
[WhiteElo "2255"]
[BlackElo "2150"]

1.e4 c5 2.c3 Nf6 3.e5 Nd5 4.d4 cxd4 5.cxd4 e6 6.Nf3 b6 7.Nc3 Nxc3 8.bxc3 Qc7
9.Bd2 Be7 10.Bd3 Bb7 11.O-O d6 12.Bf4 Nd7 13.Re1 Rc8 14.Rc1 Bxf3 15.Qxf3 dxe5
16.dxe5 g6 17.Qg3 Ba3 18.Rcd1 O-O 19.Bh6 Rfd8 20.Bg5 Rf8 21.Ba6 Rb8 22.Bb5 Nc5
23.Bf6 h6 24.Qh4 Kh7 25.Re3 h5 26.Be2  1-0

[Event "London Agency"]
[Site "London"]
[Date "1997.??.??"]
[Round "3"]
[White "Lalic, Susan"]
[Black "Hunt, Harriet"]
[Result "0-1"]
[WhiteElo "2405"]
[BlackElo "2330"]

1.e4 c5 2.c3 Nf6 3.e5 Nd5 4.d4 cxd4 5.Nf3 e6 6.Bc4 Nb6 7.Bd3 d6 8.exd6 Bxd6
9.cxd4 N8d7 10.Nc3 Nf6 11.Bg5 Bd7 12.Ne5 Bc6 13.O-O O-O 14.Qe2 Rc8 15.Rad1 Bd5
16.Bb1 Be7 17.Qd3 g6 18.Qh3 Nc4 19.Nxd5 Qxd5 20.Qh4 Nxe5 21.dxe5 Qxe5 22.Rd3 Rc5
23.f4 Qxb2 24.f5 Rxf5 25.Rb3 Bc5+  0-1

[Event "Marostica op"]
[Site "Marostica"]
[Date "1997.??.??"]
[Round "?"]
[White "Godena, Michele"]
[Black "Guido, Flavio"]
[Result "1-0"]
[WhiteElo "2545"]
[BlackElo "2300"]

1.e4 c5 2.c3 Nf6 3.e5 Nd5 4.Nf3 e6 5.d4 cxd4 6.cxd4 d6 7.Bc4 Nc6 8.O-O Be7
9.Qe2 O-O 10.Qe4 dxe5 11.dxe5 Qc7 12.Bd2 Rd8 13.Rc1 a6 14.Nc3 Nb6 15.Bd3 g6
16.Bf4 Nd5 17.Bh6 Nxc3 18.Rxc3 Bd7 19.Re1 Be8 20.h4 Bb4 21.Qxb4 Nxb4 22.Rxc7 Nxd3
23.Re3 Rab8 24.Ng5 Rd5 25.Ne4 Nb4 26.Nf6+ Kh8 27.Nxe8 Rd1+ 28.Kh2 Nd5 29.Rxf7 Rxe8
30.Ref3  1-0

[Event "CRO-chT2"]
[Site "Medulin"]
[Date "1997.??.??"]
[Round "?"]
[White "Vrkljan, Ivan"]
[Black "Arbanas, Josip"]
[Result "0-1"]
[WhiteElo "2155"]
[BlackElo "2175"]

1.e4 c5 2.c3 Nf6 3.e5 Nd5 4.d4 cxd4 5.Nf3 e6 6.cxd4 Nc6 7.a3 d6 8.Bd3 Be7
9.O-O dxe5 10.dxe5 O-O 11.Qe2 f5 12.exf6 Bxf6 13.Qe4 g6 14.h4 Bg7 15.Nc3 Nxc3
16.bxc3 Qd5 17.Qe2 Bxc3 18.Rb1 a6 19.Bh6 Bg7 20.Bxg7 Kxg7 21.Be4 Qd6 22.Qb2+ Kg8
23.Rbd1 Qc5 24.Rfe1 Ne7 25.Ne5 Nd5 26.Rc1 Qb6 27.Qd2 Nf6 28.Bf3 Qd8 29.Qh6 Qe7
30.Re3 Rb8 31.h5 Qg7 32.Qxg7+ Kxg7 33.Rc7+ Kh6 34.hxg6 hxg6 35.Bd1 Nd5 36.Rh3+ Kg5
37.Rg3+ Kf5 38.Nxg6 Nxc7 39.Nxf8 Kf6 40.Bb3 Nd5 41.Rf3+ Kg7 42.g4 b5 43.Bc2 b4
44.axb4 Rxb4 45.Bb3 Rxg4+ 46.Kf1 a5 47.Ke1 Rd4 48.Ba2 a4 49.Ke2 e5  0-1

[Event "CRO-chT2"]
[Site "Medulin"]
[Date "1997.??.??"]
[Round "?"]
[White "Mufic, Goran"]
[Black "Lisenko, Alexander V"]
[Result "1/2-1/2"]
[WhiteElo "2350"]
[BlackElo "2385"]

1.e4 c5 2.c3 Nf6 3.e5 Nd5 4.d4 cxd4 5.Nf3 Nc6 6.cxd4 d6 7.Bc4 Nb6 8.Bb5 dxe5
9.Nxe5 Bd7 10.Bxc6 Bxc6 11.Nxc6 bxc6 12.Nc3 g6 13.O-O Bg7 14.Qf3 Qd7 15.Bg5 O-O
16.Rfe1 Rfe8 17.Rad1 Rad8 18.Re4 h6 19.Bf4 Nd5 20.Be5 f6 21.Bg3 Nxc3 22.bxc3  1/2-1/2

[Event "CRO-chT"]
[Site "Medulin"]
[Date "1997.??.??"]
[Round "?"]
[White "Stevic, Hrvoje"]
[Black "Cvitan, Ognjen"]
[Result "1/2-1/2"]
[WhiteElo "2400"]
[BlackElo "2550"]

1.e4 c5 2.c3 Nf6 3.e5 Nd5 4.d4 cxd4 5.Nf3 d6 6.Bc4 e6 7.cxd4 Nc6 8.O-O Be7
9.Qe2 O-O 10.Rd1 Qc7 11.a3 dxe5 12.dxe5 Rd8 13.Bd3 b6 14.Qe4 g6 15.Bh6 Bb7
16.Nbd2 Rac8 17.Rac1 Qb8 18.Bb1 b5 19.h4 Na5 20.Qg4 Nc4 21.Nxc4 Rxc4 22.Rxc4 bxc4
23.Re1 Bc6 24.Qxc4 Be8 25.Qe2 Qb3 26.Bc1 a5 27.h5 a4 28.Bc2 Qb6 29.Qe4 Bg5
30.Rf1 Bb5 31.hxg6  1/2-1/2

[Event "CRO-chT"]
[Site "Medulin"]
[Date "1997.??.??"]
[Round "?"]
[White "Podobnik, Marijan"]
[Black "Kutuzovic, Branko"]
[Result "1-0"]
[WhiteElo "2290"]
[BlackElo "2395"]

1.e4 c5 2.c3 Nf6 3.e5 Nd5 4.d4 cxd4 5.Nf3 d6 6.cxd4 Nc6 7.Nc3 e6 8.Bb5 Be7
9.O-O O-O 10.Qe2 Nxc3 11.bxc3 dxe5 12.dxe5 Qc7 13.Qe4 Rd8 14.Bd3 g6 15.Bh6 b6
16.Rad1 Bb7 17.Qf4 Rd5 18.Be4 Rc5 19.Rfe1 Rd8 20.Ng5 Nxe5 21.Rxd8+ Qxd8 22.Bxb7 Bxg5
23.Bxg5 Nd3 24.Bxd8 Nxf4 25.Bf6 Nd5 26.Bd4 Ra5 27.g3  1-0

[Event "Minsk op"]
[Site "Minsk"]
[Date "1997.??.??"]
[Round "3"]
[White "Maljush, Andrej"]
[Black "Volzhin, Alexander"]
[Result "0-1"]
[WhiteElo "2270"]
[BlackElo "2505"]

1.e4 c5 2.c3 Nf6 3.e5 Nd5 4.d4 cxd4 5.Nf3 Nc6 6.Bc4 Nb6 7.Bb3 d5 8.exd6 Qxd6
9.O-O Be6 10.Re1 Bxb3 11.Qxb3 e6 12.Na3 Qd7 13.cxd4 Be7 14.Ne5 Nxe5 15.dxe5 O-O
16.Be3 Nd5 17.Rac1 Rfc8 18.g3 h6 19.Rxc8+ Rxc8 20.Nb1 Nxe3 21.Qxe3 Bb4 22.Nc3 Bxc3
23.bxc3 b6 24.Re2 Qd1+ 25.Kg2 Rxc3 26.Qxc3 Qxe2 27.a3 Qe4+ 28.f3 Qe2+ 29.Kh3 b5
30.f4 Qf1+ 31.Kg4 Qe2+ 32.Kh3 g5 33.fxg5 Qh5+ 34.Kg2 Qe2+ 35.Kh3 hxg5 36.Qd4 Qf1+
37.Kg4 Qc4 38.Qxc4 bxc4 39.Kf3 f6 40.exf6 Kf7 41.Ke3 e5 42.Kd2 e4  0-1

[Event "Minsk op"]
[Site "Minsk"]
[Date "1997.??.??"]
[Round "6"]
[White "Maljush, Andrej"]
[Black "Neverov, Valeriy"]
[Result "0-1"]
[WhiteElo "2270"]
[BlackElo "2530"]

1.e4 c5 2.c3 Nf6 3.e5 Nd5 4.d4 cxd4 5.Nf3 e6 6.Bc4 Nb6 7.Bb3 dxc3 8.Nxc3 d5
9.O-O Nc6 10.Re1 Be7 11.Bc2 Nb4 12.Bb1 Bd7 13.Qd4 Rc8 14.Qg4 Kf8 15.a3 Nc6
16.h4 h6 17.Nb5 a6 18.Nc3 Na5 19.Ba2 Nac4 20.Ne2 Be8 21.h5 Nd7 22.Ned4 Qb6
23.b4 a5 24.Bxc4 Rxc4 25.Be3 Kg8 26.Rec1 Rxc1+ 27.Rxc1 Qd8 28.Nxe6 fxe6 29.Qxe6+ Bf7
30.Qf5 Nf8 31.Nd4 axb4 32.axb4 g6 33.Qg4 Kh7 34.Rc8 Qd7 35.Qf3 Be8 36.Rb8 Rg8
37.e6 Nxe6 38.Nxe6 Qxe6 39.Rxb7 Rg7 40.Qf4 Rf7 41.Qxh6+ Kg8 42.Rb8 Bf8 43.Rxe8 Qxe8
44.Qxg6+ Bg7 45.h6 Qe7 46.Bd4 Qh4 47.Be3 d4 48.Bg5 Qxf2+ 49.Kh2 Qf5  0-1

[Event "Mitropa Cup 17th"]
[Site "Montecatini Terme"]
[Date "1997.??.??"]
[Round "4"]
[White "Ekstroem, Roland"]
[Black "Mohr, Georg"]
[Result "1/2-1/2"]
[WhiteElo "2475"]
[BlackElo "2480"]

1.e4 c5 2.c3 Nf6 3.e5 Nd5 4.Nf3 Nc6 5.Bc4 Nb6 6.Bb3 d5 7.exd6 Qxd6 8.Na3 a6
9.O-O Bf5 10.d4 cxd4 11.Nxd4 Nxd4 12.cxd4 e6 13.Qf3 Qd7 14.Bf4 Bxa3  1/2-1/2

[Event "Mitropa Cup 17th"]
[Site "Montecatini Terme"]
[Date "1997.??.??"]
[Round "5"]
[White "Neubauer, Martin"]
[Black "Orsag, Milan"]
[Result "1/2-1/2"]
[WhiteElo "2315"]
[BlackElo "2350"]

1.e4 c5 2.c3 Nf6 3.e5 Nd5 4.d4 cxd4 5.Nf3 e6 6.cxd4 b6 7.Nc3 Nxc3 8.bxc3 Qc7
9.Bd2 d6 10.Bd3 Nd7 11.O-O Bb7 12.Ng5 Be7 13.Qh5 g6 14.Qh3 dxe5 15.Rae1 Bxg5
16.Bxg5 f5 17.dxe5 h6 18.Bb5 Kf7 19.Bf6 Nxf6 20.exf6 a6 21.Ba4 Kxf6 22.Qe3 Bd5
23.Bb3 Bxb3 24.axb3 e5 25.Rd1 Rad8 26.Rxd8 Qxd8 27.h3 Qd6 28.Qe2 a5 29.Rd1 Qc7
30.Qd2 f4 31.Qd6+ Qxd6 32.Rxd6+ Kf5 33.Rxb6 Rc8 34.c4 a4 35.bxa4 Rxc4 36.a5 Rc1+
37.Kh2 Ra1 38.Rb5 g5 39.f3 h5 40.Rc5 Re1 41.Rc4 Ra1 42.Rc5 g4 43.hxg4+ hxg4
44.fxg4+ Ke6 45.g5 e4 46.g6 e3 47.g7 Kf7 48.Rc7+ Kg8 49.Re7 Rxa5 50.g3 Rh5+
51.Kg2 Rg5 52.Kf3 fxg3 53.Kg2  1/2-1/2

[Event "Mitropa Cup 17th"]
[Site "Montecatini Terme"]
[Date "1997.??.??"]
[Round "7"]
[White "Pavasovic, Dusko"]
[Black "Orsag, Milan"]
[Result "1-0"]
[WhiteElo "2495"]
[BlackElo "2350"]

1.e4 c5 2.c3 Nf6 3.e5 Nd5 4.Nf3 b6 5.d4 cxd4 6.cxd4 e6 7.Nc3 Nxc3 8.bxc3 Qc7
9.Bd2 Bb7 10.Bd3 d6 11.O-O Nd7 12.Ng5 dxe5 13.Qh5 g6 14.Qh3 Be7 15.Rfe1 Bxg5
16.Bxg5 f5 17.Qh6 Kf7 18.Bb5 Nf6 19.dxe5 Ng4 20.Qh4 a6 21.Bf1 h5 22.h3 Qc6
23.Rad1 Rag8 24.Rd6 Qc5 25.Red1 Bc8 26.Bd8  1-0

[Event "Moravia-chT 9697"]
[Site "?"]
[Date "1997.??.??"]
[Round "?"]
[White "Poloch, Petr"]
[Black "Antoniewski, Rafal"]
[Result "1-0"]
[WhiteElo "2345"]
[BlackElo "2310"]

1.e4 c5 2.c3 Nf6 3.e5 Nd5 4.d4 cxd4 5.Nf3 Nc6 6.Bc4 Nb6 7.Bb3 d5 8.exd6 Qxd6
9.O-O Be6 10.Bxe6 Qxe6 11.Nxd4 Nxd4 12.cxd4 Qd7 13.Nc3 e6 14.Qg4 h5 15.Qg5 Rd8
16.Be3 Nd5 17.Rac1 Ne7 18.d5 exd5 19.Bxa7 f6 20.Qd2 d4 21.Ne2 d3 22.Nf4 g5
23.Bb6 gxf4 24.Bxd8 Qxd8 25.Rc3 Nc6 26.Rxd3 Qc7 27.Re1+ Be7 28.Rf3 Ne5 29.Rc3 Qd7
30.Qxf4 Rg8 31.h3 b5 32.Rg3 Rxg3 33.Qxg3 Qd4 34.Qg8+ Kd7 35.Qb3 Qc4 36.Qd1+ Kc7
37.Qxh5 Bc5 38.Qh7+ Kb6 39.Qf5 Nd3 40.Qe6+ Ka5 41.Qxc4 bxc4 42.Re2 Bd4 43.Re4 Bxf2+
44.Kf1 Kb5 45.b3 cxb3 46.axb3 Ka5 47.Ke2  1-0

[Event "Moravia-chT 9697"]
[Site "?"]
[Date "1997.??.??"]
[Round "?"]
[White "Poloch, Petr"]
[Black "Divis, Josef"]
[Result "1-0"]
[WhiteElo "2345"]
[BlackElo "2235"]

1.e4 c5 2.c3 Nf6 3.e5 Nd5 4.d4 cxd4 5.Nf3 e6 6.cxd4 b6 7.Bd2 Bb7 8.Nc3 Nxc3
9.Bxc3 d6 10.Bd3 Nd7 11.O-O dxe5 12.dxe5 Be7 13.Qe2 O-O 14.Rfd1 Qc7 15.Rac1 Nc5
16.Bd4 a5 17.Bxc5 Bxc5 18.Bxh7+ Kxh7 19.Ng5+ Kh6 20.Rc3 g6 21.Qd2 Kg7 22.Qf4 Qe7
23.Rh3 Rh8 24.Rd7 Rad8 25.Rxh8 Rxd7 26.Nxe6+ fxe6 27.Qh6+  1-0

[Event "Petrosjan mem-J"]
[Site "Moscow"]
[Date "1997.??.??"]
[Round "?"]
[White "Chernovetsky, Vadim"]
[Black "Sedlak, Nicola"]
[Result "0-1"]
[WhiteElo "2100"]
[BlackElo "2080"]

1.e4 c5 2.c3 Nf6 3.e5 Nd5 4.d4 cxd4 5.Nf3 Nc6 6.Bc4 Nb6 7.Bb3 g6 8.O-O Bg7
9.cxd4 d5 10.h3 O-O 11.Nc3 Bf5 12.Nh4 e6 13.Nxf5 gxf5 14.Be3 Qh4 15.Kh2 Nc4
16.Bxc4 dxc4 17.f4 Rad8 18.g3 Qe7 19.d5 exd5 20.Nxd5 Qe6 21.Nc7 Rxd1 22.Rfxd1 Qc8
23.Nb5 Rd8 24.Nd6 Qe6  0-1

[Event "Moscow-ch"]
[Site "Moscow"]
[Date "1997.??.??"]
[Round "1"]
[White "Janovsky, Sergey"]
[Black "Dubinski, Roman"]
[Result "1-0"]
[WhiteElo "2510"]
[BlackElo "2295"]

1.e4 c5 2.c3 Nf6 3.e5 Nd5 4.d4 cxd4 5.Nf3 Nc6 6.Bc4 Nb6 7.Bb3 d5 8.exd6 Qxd6
9.O-O Be6 10.Na3 dxc3 11.Qe2 Bxb3 12.Nb5 Qb8 13.axb3 e5 14.Nfd4 Nxd4 15.Nxd4 f6
16.bxc3 Kf7 17.Nb5 a6 18.Be3 axb5 19.Bxb6 Rxa1 20.Rxa1 Qe8 21.Ra5 b4 22.c4 Qc6
23.Rb5 Be7 24.Ba5 Ra8 25.h3 Bc5 26.Bxb4 Bxb4 27.Rxb4 Rd8 28.Rb5 Rd4 29.Qh5+ Kf8
30.Qxh7 Rd1+ 31.Kh2 Rd2 32.Qh8+ Kf7 33.Qh5+ Kf8 34.Qf5 Kg8 35.Ra5 Kf7 36.Qh5+ Ke6
37.Qg4+ Kf7 38.Qg3 Qe4 39.Rc5 g6 40.Rc7+ Ke6 41.f3 Qf5 42.Rxb7 Kd6 43.Qg4 Qf4+
44.Qxf4 exf4 45.h4 Rb2 46.b4 Rc2 47.c5+ Ke5 48.Rb6 g5 49.hxg5 fxg5 50.Rg6 Kf5
51.Rg8 Rc4 52.Rb8 Ke5 53.b5 g4 54.fxg4 Rc2 55.Rf8 f3 56.b6 Rxg2+ 57.Kh1  1-0

[Event "Murcia op"]
[Site "Murcia"]
[Date "1997.??.??"]
[Round "5"]
[White "Mezcua Coronil, Felix"]
[Black "Sanjuan Garcia, Miguel"]
[Result "1-0"]
[WhiteElo "2265"]
[BlackElo "2170"]

1.e4 c5 2.c3 Nf6 3.e5 Nd5 4.d4 cxd4 5.Nf3 e6 6.cxd4 b6 7.Nc3 Nxc3 8.bxc3 Qc7
9.Bd2 Bb7 10.Bd3 d6 11.O-O Nd7 12.Qe2 dxe5 13.Bb5 Bd6 14.Nxe5 Bxe5 15.Qxe5 Qxe5
16.dxe5 O-O-O 17.Bg5 Rdg8 18.Rfd1 Nc5 19.Be7 a6 20.Be2 Re8 21.Bxc5 bxc5 22.Rd6 Rd8
23.Bxa6 Rxd6 24.Bxb7+ Kxb7 25.exd6 Rd8 26.Rd1 Kc6 27.Kf1 Rxd6 28.Rxd6+ Kxd6
29.Ke2 Kd5 30.Kd3 c4+ 31.Ke3 e5 32.g4 f6 33.f4 exf4+ 34.Kxf4 g6 35.a4 h6
36.h3 Kd6 37.Ke4 Kc5 38.a5 Kb5 39.Kd4 Kxa5 40.Kxc4 Ka4 41.Kd5 f5 42.gxf5 gxf5
43.Ke5 Kb3 44.Kxf5 Kxc3 45.Kg6 Kd4 46.Kxh6 Ke4  1-0

[Event "Nigran"]
[Site "Nigran"]
[Date "1997.??.??"]
[Round "3"]
[White "Glavina, Pablo"]
[Black "Corona Garcia, Tomas"]
[Result "1/2-1/2"]
[WhiteElo "2395"]
[BlackElo "2140"]

1.e4 c5 2.c3 Nf6 3.d3 Nc6 4.Nf3 d5 5.e5 Ng4 6.Qe2 Qc7 7.Bf4 e6 8.h3 Nh6 9.g4 f5
10.Bxh6 gxh6 11.gxf5 exf5 12.d4 cxd4 13.cxd4 Nxd4 14.Nxd4 Qc1+ 15.Qd1 Bb4+
16.Nc3 Qxb2 17.Bb5+ Ke7 18.O-O Qxc3 19.Nf3 Qc5 20.Qe2 Be6 21.Rfc1 Bc3 22.Rab1 b6
23.Qd3 Rhg8+ 24.Kf1 Rac8 25.Rb3 d4 26.Nxd4 Qxd4 27.Rbxc3 Qxd3+ 28.Bxd3  1/2-1/2

[Event "JUG-ch52"]
[Site "Niksic"]
[Date "1997.??.??"]
[Round "2"]
[White "Pikula, Dejan"]
[Black "Ivanisevic, Ivan"]
[Result "1/2-1/2"]
[WhiteElo "2495"]
[BlackElo "2450"]

1.e4 c5 2.c3 Nf6 3.e5 Nd5 4.Nf3 e6 5.d4 cxd4 6.cxd4 d6 7.a3 Bd7 8.Bd3 Bc6
9.O-O Nd7 10.b4 b6 11.Re1 Be7 12.Nbd2 dxe5 13.dxe5 Nf4 14.Bf1 a5 15.bxa5 bxa5
16.Nc4 Ng6 17.Bb2  1/2-1/2

[Event "JUG-chT"]
[Site "Niksic"]
[Date "1997.??.??"]
[Round "6"]
[White "Guzijan, Miodrag"]
[Black "Knezevic, Bojan"]
[Result "1/2-1/2"]
[WhiteElo "2325"]
[BlackElo "2360"]

1.e4 c5 2.c3 Nf6 3.d3 Nc6 4.f4 d6 5.Nf3 g6 6.g3 Bg7 7.Bg2 O-O 8.Qc2 e5 9.O-O exf4
10.Bxf4 h6 11.Na3 d5 12.Kh1 Be6 13.Be3 b6 14.Bg1 dxe4 15.dxe4 Ng4 16.Rad1 Qe7
17.Qa4 Nge5 18.Nxe5 Nxe5 19.Nc2 Qe8 20.Qxe8 Rfxe8 21.b3 Rad8 22.c4 Bg4 23.Rd5 Be6
24.Rdd1 Nc6 25.Ne3 Rxd1 26.Rxd1 Bd4 27.Nd5 Kg7 28.Bxd4+ Nxd4 29.h3 h5 30.Nc3 Kf6
31.Kg1 Ke5 32.Kf2 Re7 33.Na4 Rd7 34.Nb2 Nc2 35.Nd3+ Kd4 36.Nf4+ Kc3 37.Nd5+ Bxd5
38.cxd5 f6 39.g4 hxg4 40.hxg4 g5 41.Bf1 Na3 42.Ke3 Nc2+ 43.Kf2 Na3 44.Ke3 Kc2
45.Rd2+ Kc3 46.Rd3+ Kb4 47.Rd2 b5 48.Rf2 Rd6 49.e5 fxe5 50.Ke4 c4 51.Kxe5 Rd8
52.bxc4 bxc4 53.Rf6 Re8+ 54.Kf5 Kc5 55.Bg2 Rc8 56.Ra6 Nb5 57.Kxg5 c3 58.Be4 Nd6
59.Bc2 Kxd5 60.Rxa7 Ne4+ 61.Kf4 Nc5 62.g5 Ne6+ 63.Kg4 Nd4 64.Bd3 c2 65.Ra5+ Ke6
66.Ra6+ Kd5 67.Ra5+ Ke6 68.Ra6+ Kd5  1/2-1/2

[Event "JUG-chT"]
[Site "Niksic"]
[Date "1997.??.??"]
[Round "7"]
[White "Markovic, Miroslav"]
[Black "Brajovic, Radovan"]
[Result "1-0"]
[WhiteElo "2540"]
[BlackElo "2355"]

1.e4 c5 2.c3 Nf6 3.e5 Nd5 4.d4 cxd4 5.Nf3 Nc6 6.Bc4 Nb6 7.Bb3 d5 8.exd6 Qxd6
9.O-O Be6 10.Bxe6 Qxe6 11.Nxd4 Nxd4 12.Qxd4 Rd8 13.Qh4 Qe2 14.Be3 Rd1 15.Nd2 Rxd2
16.Rfe1 Qd3 17.Bxd2 Qxd2 18.a4 Qh6 19.Qd4 Qc6 20.a5 Nc8 21.a6 f6 22.axb7 Qxb7
23.Rad1 Nb6 24.c4 Nd7 25.Re6 Qc7 26.Qd5 Nb6 27.Qb5+ Kf7 28.c5 Nd5 29.Qc4 Qd7
30.Ree1 e6 31.c6 Qe8  1-0

[Event "JUG-chT (Women)"]
[Site "Niksic"]
[Date "1997.??.??"]
[Round "9"]
[White "Todorovic, Violeta"]
[Black "Dragasevic Georgieva, Antonina"]
[Result "1-0"]
[WhiteElo "2120"]
[BlackElo "2150"]

1.e4 c5 2.c3 Nf6 3.e5 Nd5 4.g3 d6 5.exd6 e6 6.Bg2 Bxd6 7.Ne2 Nc6 8.d4 cxd4
9.Nxd4 Nxd4 10.Qxd4 O-O 11.O-O Qb6 12.Qd3 Bc5 13.Nd2 Nf6 14.Nc4 Qd8 15.Qe2 Nd5
16.Ne3 Nxe3 17.Bxe3 Qe7 18.Rfd1 Bxe3 19.Qxe3 Rd8 20.Rxd8+ Qxd8 21.Qc5 a5
22.Bf3 b6 23.Qc6 Rb8 24.Rd1 Qe7 25.Qb5 f6 26.Bc6 Kf8 27.b4 axb4 28.cxb4 e5
29.a4 Bh3 30.Bd5 Qc7 31.Qd3 g6 32.Qf3 Bf5 33.g4 e4 34.Bxe4 Bxe4 35.Qxe4 Re8
36.Qd4 Re6 37.Qd5 Re7 38.Qd6 Qc3 39.Qd8+ Kf7 40.Qd5+ Kg7 41.Qd6 Re4 42.Qd7+ Kh6
43.Rd3 Qxb4 44.Rh3+ Kg5 45.Rh5+ Kf4 46.Rf5+ Kxg4 47.f3+ Kh3 48.Rh5+  1-0

[Event "Nova Gorica op"]
[Site "Nova Gorica"]
[Date "1997.??.??"]
[Round "2"]
[White "Manca, Federico"]
[Black "Cvitan, Ognjen"]
[Result "0-1"]
[WhiteElo "2350"]
[BlackElo "2550"]

1.e4 c5 2.c3 Nf6 3.e5 Nd5 4.d4 cxd4 5.Nf3 d6 6.cxd4 Nc6 7.Bc4 e6 8.O-O Be7
9.Qe2 O-O 10.Nc3 dxe5 11.dxe5 Nxc3 12.bxc3 Qa5 13.Rb1 Rd8 14.Qe4 Qxc3 15.Rb3 Qa5
16.Bg5 h6 17.Bxe7 Nxe7 18.Nd4 Qc5 19.Nb5 Ng6 20.Re1 a6 21.Na3 Bd7 22.Rg3 Bc6
23.Qe2 Rd4 24.Rxg6 fxg6 25.Bxe6+ Kh7  0-1

[Event "Nova Gorica op"]
[Site "Nova Gorica"]
[Date "1997.??.??"]
[Round "3"]
[White "Pavasovic, Dusko"]
[Black "Epishin, Vladimir"]
[Result "1/2-1/2"]
[WhiteElo "2460"]
[BlackElo "2600"]

1.e4 c5 2.c3 Nf6 3.e5 Nd5 4.d4 cxd4 5.Nf3 e6 6.cxd4 b6 7.Nc3 Nxc3 8.bxc3 Qc7
9.Bd2 Bb7 10.Bd3 d6 11.O-O Nd7 12.Ng5 dxe5 13.Qh5 g6 14.Qh3 Be7 15.Rfe1 Bxg5
16.Bxg5 f5 17.dxe5 O-O 18.Re3 Rf7 19.Rd1 Nc5 20.Bc2 Rd7 21.Rde1 Rf8 22.Qh6 Qc6
23.Rg3 Ne4 24.Bxe4 Qxe4 25.Bd2 Qd5 26.Bf4 Qd1 27.Rxg6+ hxg6 28.Qxg6+ Kh8  1/2-1/2

[Event "Nova Gorica op"]
[Site "Nova Gorica"]
[Date "1997.??.??"]
[Round "5"]
[White "Bojkovic, Natasa"]
[Black "Epishin, Vladimir"]
[Result "1/2-1/2"]
[WhiteElo "2405"]
[BlackElo "2600"]

1.e4 c5 2.c3 Nf6 3.e5 Nd5 4.d4 cxd4 5.Nf3 e6 6.cxd4 b6 7.Nc3 Nxc3 8.bxc3 Qc7
9.Qb3 Bb7 10.Be2 Nc6 11.O-O d6 12.c4 Na5 13.Qa4+ Bc6 14.Qd1 Rd8 15.Bf4 d5
16.cxd5 Rxd5 17.Ng5 Be7 18.Bf3 Qd8 19.Bxd5 Qxd5 20.f3 h6 21.Ne4 Nc4  1/2-1/2

[Event "Nova Gorica op"]
[Site "Nova Gorica"]
[Date "1997.??.??"]
[Round "7"]
[White "Pavasovic, Dusko"]
[Black "Kozul, Zdenko"]
[Result "0-1"]
[WhiteElo "2460"]
[BlackElo "2590"]

1.e4 c5 2.c3 Nf6 3.e5 Nd5 4.d4 cxd4 5.Nf3 Nc6 6.cxd4 d6 7.Bc4 e6 8.O-O Be7
9.Qe2 O-O 10.Rd1 Bd7 11.Bxd5 exd5 12.Nc3 Be6 13.Qb5 a6 14.Qe2 Re8 15.Be3 h6
16.h3 Bf8 17.Qd2 Rc8 18.b3 Bf5 19.exd6 Nb4 20.Bf4 Bxd6 21.Bxd6 Qxd6 22.Rac1 Nd3
23.Ra1 Rc7 24.Ne5 Nxe5 25.dxe5 Rxe5 26.Nxd5 Rd7 27.g4 Qg6 28.Nf4 Rxd2 29.Nxg6 Rxd1+
30.Rxd1 Bxg6 31.Rd8+ Kh7 32.f4 Ra5 33.f5 Bxf5 34.gxf5 Rxf5  0-1